书目信息 |
| 题名: |
族际政治与现代民族国家
|
|
| 作者: | 王建娥 , 陈建樾 著 | |
| 分册: | ||
| 出版信息: | 北京 社会科学文献出版社 2004 |
|
| 页数: | 372页 | |
| 开本: | 21cm | |
| 丛书名: | 中国社会科学院重点学科建设工程丛书 | |
| 单 册: | ||
| 中图分类: | D091.5 | |
| 科图分类: | ||
| 主题词: | 民族主义--研究 | |
| 电子资源: | ||
| ISBN: | 7-80190-336-6 | |
| 000 | 01373nam0 2200349 450 | |
| 000 | 01336nam0 2200337 450 | |
| 000 | 01334nam0 2200349 450 | |
| 000 | 01280nam0 2200325 450 | |
| 000 | 01298nam0 2200313 450 | |
| 000 | 01261nam0 2200301 45 | |
| 001 | TS2006023638 | |
| 005 | 20070113160814.64 | |
| 010 | @a7-80190-336-6@dCNY28.00 | |
| 100 | @a20060829d2004 em y0chiy0120 ea | |
| 101 | 0 | @achi |
| 102 | @aCN@b110000 | |
| 105 | @ay z 000yy | |
| 200 | 1 | @a族际政治与现代民族国家@AZu Ji Zheng Zhi Yu Xian Dai Min Zu Guo Jia@dInter-ethno-national Politics and Nation-state@f王建娥, 陈建樾等著@FWang Jian E , Chen Jian Yue Deng Zhu@zeng |
| 210 | @a北京@c社会科学文献出版社@d2004 | |
| 215 | @a372页@d21cm | |
| 225 | 2 | @a中国社会科学院重点学科建设工程丛书@i民族学人类学系列 |
| 330 | @a本书尝试把民族视为各种利益的载体和世界体系中的政治单位,从历史的、世界的和政治的视角去审视民族关系、解读民族现象、探究民族过程、阐释民族政策。 | |
| 410 | 0 | @12001 @a民族学人类学系列 |
| 510 | 1 | @aInter-ethno-national Politics and Nation-state@zeng |
| 606 | 0 | @a民族主义@y研究 |
| 690 | @aD091.5@v4 | |
| 701 | 0 | @a王建娥@AWang Jian E@4著 |
| 701 | 0 | @a陈建樾@AChen Jian Yue@4著 |
| 801 | 0 | @aCN@b中图数据@c20070113 |
| 905 | @a10447@dD091.5@e103 | |
| 族际政治与现代民族国家=Inter-ethno-national Politics and Nation-state/王建娥, 陈建樾等著.-北京:社会科学文献出版社,2004 |
| 372页;21cm.-(中国社会科学院重点学科建设工程丛书.民族学人类学系列) |
| ISBN 7-80190-336-6:CNY28.00 |
| 本书尝试把民族视为各种利益的载体和世界体系中的政治单位,从历史的、世界的和政治的视角去审视民族关系、解读民族现象、探究民族过程、阐释民族政策。 |
| ● |
| 相关链接 |
|
|
|
|
正题名:族际政治与现代民族国家
索取号:D091.5/103
 
预约/预借
| 序号 | 登录号 | 条形码 | 馆藏地/架位号 | 状态 | 备注 |
| 1 | 0612463 | 206124638 | 第一样本阅览室/ [索取号:D091.5/103] | 在馆 | |
| 2 | 0612464 | 206124647 | 第一借阅区/ [索取号:D091.5/103] | 在馆 | |
| 3 | 0612465 | 206124656 | 第一借阅区/ [索取号:D091.5/103] | 在馆 | |
| 4 | 0612466 | 206124665 | 第一借阅区/ [索取号:D091.5/103] | 在馆 | |
| 5 | 0612467 | 206124674 | 第一借阅区/ [索取号:D091.5/103] | 在馆 |